LEADER 01471nam a2200289 i 4500 001 000000146783 003 CaOOAMICUS 005 20060117000000.0 008 060117s1991 it u000 u ita u 013 $a123681 020 $a88-215-2115-X 040 $aSeMil$bita 100 1 $aManzo, Michele.$0(OLS)http://semarc/name/20053 245 10$aPapa Giovanni vescovo a Roma :$bSinodo e pastorale diocesana nell'episcopato romano di Roncalli /$cMichele Manzo ; Introduzione di Andrea Riccardi. 260 $aCinisello Balsamo (Milano) :$bPaoline,$cCopyr. 1991. 300 $a331 p., [6] p. di tav. ;$c21 cm. 490 0 $aStoria della Chiesa. Saggi ;$v3 500 $aIn appendice : Documenti significativi circa il Sinodo Romano. 650 4$aGiovanni XXIII - Roma - Pastorale.$0(OLS)http://semarc/subject/28721 700 1 $aRiccardi, Andrea,$d<1950- >.$0(OLS)http://semarc/name/11768 830 0$aStoria della Chiesa. Saggi ;$v3.$0(OLS)http://semarc/title/8597 850 $aSeMil 852 $aSeMil$W1$xVenegono$y1$m2A I 289$j99405$B99405$CSeMilBibl$Z2$F108503 $81 961 $aOmaggio: Biblioteca Seminario Seveso (dal 1998) 996 $6020$a88-215-2115-X$9(OLS)http://semarc/number/135391 996 $6245$aPapa Giovanni vescovo a Roma :$bSinodo e pastorale diocesana nell'episcopato romano di Roncalli$9(OLS)http://semarc/title/214653 996 $6260$aCinisello Balsamo (Milano) :$bPaoline$9(OLS)http://semarc/publisher/31197 LEADER 00788nam a2200193 i 4500 001 000000020590 003 CaOOAMICUS 005 20230222102643.0 008 180830s1925 fr u000 u und u 040 $aSeMil$bita 245 00$aBucoliques grecs /$ctexte établi et traduit par Ph.-E. Legrand. 260 $aParis :$bLes Belles Lettres,$c1925. 300 $av. ;$c21 cm. 700 1 $aLegrand, Ph.-E.$0(OLS)http://semarc/name/9174 774 0 $tThéocrite.$kCollection des Universités de France$gTome1$w()177129 774 0 $tPseudo-Théocrite ; Moschos Bion Divers.$kCollection des Universités de France$gTome2$w()177131 996 $6245$aBucoliques grecs$9(OLS)http://semarc/title/27147 996 $6260$aParis :$bLes Belles Lettres$9(OLS)http://semarc/publisher/30422